| 000 | 01300nam0a2200313 4500 | ||
|---|---|---|---|
| 001 | RU\NLR\bibl\553428 | ||
| 005 | 20260408184600.0 | ||
| 010 | _a5-288-03447-8 | ||
| 021 |
_aRU _b2004-48411 _92387 |
||
| 035 | _a(NLR Aleph) 000545589 | ||
| 090 |
_a1440187 _c1440187 |
||
| 100 | _a20040916d2004 |||y0rusy50 ca | ||
| 101 | 0 | _arus | |
| 102 | _aRU | ||
| 105 | _aa ||||||||| | ||
| 200 | 1 |
_aМаршевый и параллельный алгоритмы интегрирования уравнений Навье-Стокса для газа и жидкости _fЛ.И. Скурин _gС.-Петерб. гос. ун-т |
|
| 210 |
_aСПб. _cИзд-во СПбГУ _d2004 |
||
| 215 |
_a165, [1] с. _cил. _d20 |
||
| 320 | _aБиблиогр.: с. 156-164 (113 назв.) | ||
| 606 | 0 |
_aНавье-Стокса уравнения _xРешение _xЧисленные методы _92236198 _3RU\NLR\auth\661342007 |
|
| 606 |
_aУравнения Навье-Стокса _xРешение _xЧисленные методы _3RU\NLR\auth\661139029 _91868521 |
||
| 686 | _aВ253.310с115 | ||
| 700 | 1 |
_aСкурин _bЛ. И. _gЛеонид Иосифович _4070 |
|
| 801 | 0 |
_aRU _bNLR _c20040916 _gPSBO |
|
| 801 | 1 |
_aRU _bNLR _c20040916 |
|
| 942 | _cBOOK | ||
| 980 | _aNB | ||